Die Bekennende Kirche in Pommern 1934-1945
| Titel: | Die Bekennende Kirche in Pommern 1934-1945 |
|---|---|
| Verfasser: | |
| In: |
Pommern, (1996), Seite 394-409 alle Artikel anzeigen |
| Veröffentlicht: | 1996 |
| Format: | Aufsatz |
| Sprache: | Deutsch |
X
alg: 39207303 001A $01999:11-11-16 001B $01999:16-05-21 $t20:22:35.000 001D $01999:11-11-16 001U $0utf8 001X $00 002@ $0Aox 003@ $039207303X 007A $039207303X $aHEB 007T $0Herd08211 010@ $ager 011@ $a1996 021A $aDie @Bekennende Kirche in Pommern 1934-1945 028A $aKlän $dWerner 031A $h394-409 $j1996 039B $aIn $8--Aau--. Pommern. - Greifswald : Steinbecker Verl. Rose, 1996. - 468 S.. - Ill., Kt.. - ISBN 3-931483-08-8 $x199600000000000606 $9050939963 045F $a200.943816 $eDDC23BSB 045F/01 $a200.9 045F/03 $g43816 lok: 39207303 78 exp: 39207303 78 1 #EPN 201B/01 $020-12-17 $t22:59:57.000 201U/01 $0utf8 203@/01 $0788169025 208@/01 $a11-11-16 $be 209A/01 $a/ $f000 $x00 220C/01 $aTitelaufnehmer: nk 244Z/01 $2Trx $#Pomeranija $#Pommern $#Pomoransko $#Pomořansko $#Hinterpommern;Vorpommern;Mittelpommern $#Pomorze Środkowe;Pomorze Przednie $#Pomořansko;Západní Pomořany; Pomořany $8--Trx--Pomorze Zachodnie $x01 $9391303775 244Z/01 $#Greifswald $#Gryphisvaldia $#Universitäts- und Hansestadt Greifswald $#Hansestadt Greifswald $#Gryphiswaldiae $#Greifsvaldas $#Gryfia $#Gryphia $74021965-3 $8--Tg1--Greifswald $x02 $9085053651 244Z/01 $aGeschichte 1934-1945 $x03 244Z/01 $2Trx $#kirik, Tunnistus- 1933-1945 $#bažnyčia, tikinčioji 1933-1945 $#"Confessing Church" 1933-1945 $#egyház, konfesszionális 1934-1948 $#Kościół Wyznający 1933-1945 $#Cirkev vyznávači 1933-1945 $#Kirche, Bekennende 1933-1945 $8--Trx--Kirche, Bekennende$g1933-1945 $x04 $9391382055 244Z/01 $2Trx $#natsionaalsotsialism 1920-1945 $#nacionalsocializmas 1920-1945 $#National Socialism 1920-1945 $#nemzetiszocializmus 1920-1945 $#narodowy socjalizm 1920-1945 $#socializmus národný 1920-1945 $#národní socialismus 1920-1945 $8--Trx--Nationalsozialismus$g1920-1945 $x05 $9391359525 244Z/01 $2Trx $8--Trx--Einzelbeiträge $x06 $9391384570 245Z/01 $a10.02.02.02 $x01 247C/01 $82080>Marburg/Lahn, Herder-Institut, Forschungsbibliothek, Bibliographieportal $9336309341
| LEADER | 00000caa a22000002c 4500 | ||
|---|---|---|---|
| 001 | 39207303X | ||
| 003 | DE-603 | ||
| 005 | 20210516202235.0 | ||
| 007 | tu | ||
| 008 | 161111s1996 xx |||| | u00||u|ger c | ||
| 035 | |a (DE-599)HEB39207303X | ||
| 040 | |a DE-603 |b ger |c DE-603 |d DE-603 | ||
| 041 | |a ger | ||
| 082 | 0 | 4 | |8 1\u |a 200.943816 |q DE-101 |2 23/BSB |
| 085 | |8 1\u |b 200.9 | ||
| 085 | |8 1\u |z 2 |s 43816 | ||
| 100 | 1 | |a Klän, Werner | |
| 245 | 0 | 0 | |a Die Bekennende Kirche in Pommern 1934-1945 |
| 264 | 0 | |c 1996 | |
| 773 | 0 | 8 | |i In |t Pommern |d Greifswald : Steinbecker Verl. Rose, 1996 |h 468 S., Ill., Kt. |z 3931483088 |g (1996), Seite 394-409 |w (DE-603)050939963 |
| 924 | 0 | |9 2080 |a (DE-603)788169025 |b DE-2080 |c HES |d d |g / | |


